000 00417pab a2200145 454500
008 180718b1987 xxu||||| |||| 00| 0 eng d
100 _aSubrahamanyam, K. Siva
245 _aBlue print of a local government loan agency for Andhra Pradesh
260 _c1987
300 _a561-74
362 _aNov.
650 _aMunicipal Finance - India - Andhra Pradesh
773 _aJournal of Rural Development
909 _a13863
999 _c13863
_d13863